Diversity and Empires : Negotiating Plurality in European Imperial Projects from Early Modernity.

Examining diversity as a fundamental reality of empire, this book explores European colonial empires, both terrestrial and maritime, to show how they addressed the questions of how to manage diversity.

Bibliographic Details
Main Author: Rose, Sophie.
Other Authors: Heijmans, Elisabeth.
Format: eBook
Language:English
Published: Milton : Taylor & Francis Group, 2023.
Edition:1st ed.
Subjects:
Online Access:Click to View
LEADER 01715nam a22003853i 4500
001 EBC7252933
003 MiAaPQ
005 20231204023229.0
006 m o d |
007 cr cnu||||||||
008 231204s2023 xx o ||||0 eng d
020 |a 9781000893373  |q (electronic bk.) 
020 |z 9781032325842 
035 |a (MiAaPQ)EBC7252933 
035 |a (Au-PeEL)EBL7252933 
035 |a (OCoLC)1382698825 
040 |a MiAaPQ  |b eng  |e rda  |e pn  |c MiAaPQ  |d MiAaPQ 
082 0 |a 325.34 
100 1 |a Rose, Sophie. 
245 1 0 |a Diversity and Empires :  |b Negotiating Plurality in European Imperial Projects from Early Modernity. 
250 |a 1st ed. 
264 1 |a Milton :  |b Taylor & Francis Group,  |c 2023. 
264 4 |c Ã2023. 
300 |a 1 online resource (254 pages) 
336 |a text  |b txt  |2 rdacontent 
337 |a computer  |b c  |2 rdamedia 
338 |a online resource  |b cr  |2 rdacarrier 
520 |a Examining diversity as a fundamental reality of empire, this book explores European colonial empires, both terrestrial and maritime, to show how they addressed the questions of how to manage diversity. 
588 |a Description based on publisher supplied metadata and other sources. 
590 |a Electronic reproduction. Ann Arbor, Michigan : ProQuest Ebook Central, 2023. Available via World Wide Web. Access may be limited to ProQuest Ebook Central affiliated libraries.  
655 4 |a Electronic books. 
700 1 |a Heijmans, Elisabeth. 
776 0 8 |i Print version:  |a Rose, Sophie  |t Diversity and Empires  |d Milton : Taylor & Francis Group,c2023  |z 9781032325842 
797 2 |a ProQuest (Firm) 
856 4 0 |u https://ebookcentral.proquest.com/lib/matrademy/detail.action?docID=7252933  |z Click to View